| 000 | 01402nam a22002537a 4500 | ||
|---|---|---|---|
| 999 |
_c7837 _d7837 |
||
| 003 | AR-CdUCM | ||
| 008 | 190321b ||||| |||| 00| 0 spa d | ||
| 040 |
_aMUNICIPALIDAD PROVINCIAL DEL CUSCO _cBIBLIOTECA MUNICIPAL DEL CUSCO |
||
| 082 |
_a792.9856 / _bIT87 |
||
| 100 |
_aItier, César _922163 |
||
| 245 | _aEl teatro quechua en el Cuzco / | ||
| 260 |
_aCusco : _bInstituto Francés de Estudios Andinos : _bCentro de Estudios Regionales Andinos Bartolomé de las Casas, _c2000. |
||
| 300 |
_a2 tomos ; _bilustraciones ; _c24 cm. |
||
| 440 |
_aTravaux de l´Institut _n : 125 _922164 |
||
| 440 |
_aMonumenta lingüística andina _n : 7 _922165 |
||
| 505 | _aContenido: Tomo 1: Dramas y comedias de Nemesio Zúñiga Cazorla : Qurich'uspi (1915), T'ikahina (1934), Katacha (1930?) | ||
| 505 | _aContenido: Tomo 2: Indigenismo, lengua y literatura en el Perú moderno : Sumaqt'ika de Nicanor Jara (1899), Manco II de Luis Ochoa Guevara (1921). -- El siglo XIX: gestión de un renacimiento -- 1899: Sumaqt´ika o la responsabilidad de las élites -- 1906 - 1916: el Tahuantinsuyo resucitado ... | ||
| 650 |
_aTeatro cuzqueño - Historia _922166 |
||
| 650 |
_aTeatro - Perú _94476 |
||
| 650 |
_aIndigenismo - Teatro - Cusco _922167 |
||
| 710 |
_aInstitut Français d'Études Andines. _tCentro de Estudios Regionales Andinos Bartolomé de Las Casas. _922168 |
||
| 942 |
_2ddc _cLIBROS |
||
| 945 | _alccs | ||